00425nam a2200157Ia 4500001000500000005001700005008004100022041000800063082001600071100004800087245007900135260000900214300002800223650000800251654000800259940920260306161716.0260306t2007||||xx |||||||||||||| ||spa|| aESP a378.83bL12 aChile. Universidad de Tarapacá (ed.)eAUT 0aLa universidad de Tarapacá de Arica en la Región de Arica y Parinacota c2007 a114 páginas :c24 cm. aGEN aCED